Školská telesná výchova v systéme výchovy a vzdelávania mládeže v ČSSR /

Enregistré dans:
Détails bibliographiques
Auteur principal: Sýkora, František (Auteur)
Format: Livre
Langue:slovaque
Publié: Bratislava : Šport, 1980
Sujets:
Tags: Ajouter un tag
Pas de tags, Soyez le premier à ajouter un tag!

MARC

LEADER 00000nam a22000003a 4500
001 stu42801
005 20150617225720.3
008 940518s1980----cs------------------slo-d
040 |a STU  |b slo 
041 0 |a slo 
044 |a cs 
080 |a 796 
080 |a 37.02 
100 1 |a Sýkora, František  |4 aut 
245 1 |a Školská telesná výchova v systéme výchovy a vzdelávania mládeže v ČSSR /  |c [aut.]František Sýkora 
260 |a Bratislava :  |b Šport,  |c 1980 
300 |a 159 s 
650 7 |a výchova telesná  |2 stusub 
650 7 |a didaktika  |2 stusub 
650 7 |a Didaktika telesnej výchovy  |2 stusub 
996 |b 284M014999  |c M*2762-1  |l MMKN  |s A  |a 24  |w stu42801_0001 
996 |b 284M015000  |c M*2762-2  |l MMKN  |s A  |a 24  |w stu42801_0002